000 00798nam a2200265Ia 4500
003 OSt
005 20220928121907.0
006 a|||||r|||| 00| 0
007 ta
008 220927b |||||||| |||| 00| 0 eng d
020 _cUSD 89.95
024 _a133596
037 _b134, 03/03/2017, N.R.Book Distributors
_cTextual
040 _aSDCL
_cSDCL
_beng
041 _2eng
_aeng
082 _aG9M:68, Q6
100 _aStephenson Frank H.
_9431293
245 0 _aCalculations for molecular biology and biotechnology
250 _a3rd
260 _aAmsterdam
_bElsevier
_c2016
300 _axiii,481p.
_ccm.
650 _aPlant Molecular Biology
942 _hG9M:68, Q6
_cTEXL
_2CC
999 _c768442
_d768442